000 00477nam a2200181Ia 4500
005 20250508161653.0
008 008 250505s9999 xx 000 0 eng d
037 _aTextual
040 _aFEDL
_beng
_cFEDL
041 _aeng
_2eng
084 _a927.5, MYE
_qFEDL
100 _aMyers Bernard
245 0 _aFifty great artists
260 _aNew York, USA
_bBantam Books
_c1953
300 _axix,267p.
942 _cTEXL
_h927.5, MYE
999 _c1371460
_d1371460